| 000 | 02263nam0a2200361 4500 | ||
|---|---|---|---|
| 001 | RU\NLR\bibl\1401437 | ||
| 005 | 20260407085239.0 | ||
| 010 |
_a978-5-261-00376-0 _9500 |
||
| 021 |
_aRU _b2009-45466 _92766 |
||
| 035 | _a(NLR Aleph) 001393442 | ||
| 090 |
_a1176881 _c1176882 |
||
| 100 | _a20090814d2008 |||y0rusy50 ca | ||
| 101 | 0 | _arus | |
| 102 | _aRU | ||
| 105 | _aa ||||||||| | ||
| 200 | 1 |
_aОксредметрия в химии древесины _e(теория и практика) _eмонография _f[А.М. Айзенштадт, д.х.н., проф., М.В. Богданов, к.х.н., доц., К.Г. Боголицын, д.х.н., проф., О.С. Бровко, к.х.н., доц.] _gФедер. агентство по образованию, Архангел. гос. техн. ун-т, Ин-т экол. проблем Севера УрО РАН |
|
| 210 |
_aАрхангельск _cИзд-во АГТУ _d2008 |
||
| 215 |
_a277 с. _cил. _d21 |
||
| 300 | _aАвт. указаны на обороте тит. л. | ||
| 313 | _aлесохимические пр-ва. Метод потенциометриии, основанный на измерении окислительного потенциала | ||
| 320 | _aБиблиогр.: с. 254-274 (278 назв.) | ||
| 606 | 1 |
_aОксидиметрия _xПрименение в лесохимических производствах _92565225 _3RU\NLR\auth\661517208 |
|
| 686 | _aЛ76-1с444.2 | ||
| 701 | 1 |
_4070 _7ca _8rus _aАйзенштадт _bА. М. _f1954- _gАркадий Михайлович _9186350 _3RU\NLR\AUTH\770186401 |
|
| 701 | 1 |
_4070 _8rus _7ca _aБогданов _bМ. В. _cканд. хим. наук _f1940- _gМихаил Владиславович _3RU\NLR\auth\7772425 _955353 |
|
| 701 | 1 |
_4070 _8rus _7ca _aБоголицын _bК. Г. _f1949- _gКонстантин Григорьевич _3RU\NLR\auth\7772424 _955352 |
|
| 701 | 1 |
_aБровко _bО. С. _gОльга Степановна _4070 |
|
| 712 | 0 | 2 |
_4570 _aАрхангельский государственный технический университет _3RU\NLR\AUTH\8813218 _9299459 |
| 801 | 0 |
_aRU _bNLR _c20090814 _gRCR |
|
| 801 | 1 |
_aRU _bNLR _c20090814 |
|
| 942 | _cBOOK | ||
| 980 | _aNB | ||